12球団ポジション別最年長(2026) - Statistics

General Stats
  • This quiz has been taken 32 times
  • The average score is 38 of 48
Answer Stats
球団 ポジション 年齢 選手名 % Correct
巨人 内野手 37 坂本勇人
93%
中日 外野手 40 大島洋平
93%
ヤクルト 投手 46 石川雅規
93%
ソフトバンク 外野手 37 柳田悠岐
93%
オリックス 捕手 30 石川亮
93%
西武 外野手 42 栗山巧
93%
DeNA 捕手 35 戸柱恭孝
89%
巨人 捕手 36 小林誠司
89%
巨人 外野手 36 丸佳浩
89%
中日 捕手 34 木下拓哉
89%
広島 内野手 36 菊池涼介
89%
ヤクルト 捕手 35 中村悠平
89%
ヤクルト 内野手 33 山田哲人
89%
ソフトバンク 内野手 36 中村晃
89%
日本ハム 投手 40 宮西尚生
89%
オリックス 投手 42 平野佳寿
89%
西武 内野手 42 中村剛也
89%
阪神 投手 38 ドリス
86%
巨人 投手 37 田中将大
86%
広島 捕手 37 會澤翼
86%
広島 外野手 37 秋山翔吾
86%
楽天 投手 41 岸孝之
86%
楽天 外野手 31 田中和基
86%
西武 捕手 38 炭谷銀仁朗
86%
阪神 捕手 35 伏見寅威
82%
阪神 外野手 31 近本光司
82%
ロッテ 外野手 38 角中勝也
82%
DeNA 内野手 37 宮﨑敏郎
79%
中日 投手 39 涌井秀章
79%
広島 投手 34 大瀬良大地
79%
ヤクルト 外野手 33 サンタナ
75%
オリックス 内野手 35 西野真弘
75%
オリックス 外野手 34 杉本裕太郎
75%
阪神 内野手 33 糸原健斗
71%
中日 内野手 36 阿部寿樹
71%
ソフトバンク 捕手 35 嶺井博希
71%
日本ハム 外野手 33 西川遥輝
71%
ロッテ 捕手 31 田村龍弘
71%
日本ハム 捕手 29 清水優心
68%
日本ハム 内野手 35 中島卓也
68%
楽天 捕手 36 伊藤光
68%
楽天 内野手 36 鈴木大地
68%
ソフトバンク 投手 34 東浜巨
64%
ロッテ 内野手 37 ソト
64%
ロッテ 投手 36 唐川侑己
57%
DeNA 外野手 32 神里和毅
46%
DeNA 投手 34 森原康平
39%
西武 投手 33 森脇亮介
25%
No matching quizzes found
Score Distribution
Percent of People with Each Score
Percentile by Number Answered
Your Score History
You have not taken this quiz